Rýchla dvojrozmerná konvolúcia pomocou polynomických transformácií

Bibliographic Details
Main Authors: Chmúrny, Ján, 1923-2009 (Author), Marchevský, Stanislav, 1952- (Author)
Format: Article
Language:Slovak
PhysicalDescription:Obr. 1. Tb. 1.
Subjects:

MARC

LEADER 00000nab a2200000 a 4500
001 vtls000137055
003 SK-MaSNL
005 20260304074915.0
008 250422c1982 xo 0 slo
015 |a SNBRB19rr/mm-uuuuu 
035 |a CL0147161 
035 |a urn:nbn:sk:snk-abczls 
035 |a (urnnbn)urn:nbn:sk:snk:ar-006v0q 
035 |a (uuid)bfc95638-9d1c-475f-9368-e4609f0979ba 
040 |a SNKBUCL  |b slo  |c SNKBUCL  |e AACR2 
041 0 |a slo 
044 |a xo  |c SK 
080 |a 621.39  |2 1981 
100 1 |a Chmúrny, Ján,  |d 1923-2009  |4 aut  |9 13779 
245 1 0 |a Rýchla dvojrozmerná konvolúcia pomocou polynomických transformácií  |c J. Chmúrny, S. Marchevský 
300 |b Obr. 1. Tb. 1. 
650 0 7 |a konvolúcia dvojrozmerná  |2 snkbucl  |9 1364893 
655 7 |a články z novín a časopisov  |2 snkbucl  |9 267496 
700 1 |a Marchevský, Stanislav,  |d 1952-  |4 aut  |9 8153 
773 0 |t Elektrotechnický časopis  |g Roč. 33, č. 11 (1982), s. 882-885 
850 |a Slovenská národná knižnica 
852 |a Slovenská národná knižnica 
954 |a odborná, vedecká literatúra pôvodná (slovenská)  |2 lita 
958 |a article17 
958 |a RK 
958 |a OND 
958 |a EUIPO 
992 |a RBX 
999 |c 2778490  |d 2780420